000 00533pam a2200193 a 4500
020 _a0781703352
_c350.00
041 _aeng
_hNULL
082 _a618.047543
_bSEE/CHE
100 _aSEEDS, J .
245 _aPRACTICAL SONOGRAPHY IN OBSTETRICS & GYNECOLOGY /
_cNULL.
_hTextual Documents
250 _a2 /
_b.
260 _aNULL :
_bLIPPINCOTT RAVEN ,
_c1996.
300 _a300 :
_bix ;
_cNULL .
365 _a350.00
700 _aCHESCHEIR, N .
_aWADE, R .
930 _a1446
999 _c795982
_d795982
650 _aOBST.GYNE